000 00912nam a22002417a 4500
999 _c16472
_d16472
003 AR-CdUCM
008 190503b ||||| |||| 00| 0 spa d
040 _aMUNICIPALIDAD PROVINCIAL DEL CUSCO
_cBIBLIOTECA MUNICIPAL DEL CUSCO
041 _heng.
082 _a372 /
_bK29
100 _aKelly, Francis
_935934
245 _aPsicología educacional :
_bUn enfoque Conductal /
260 _aMéxico :
_bCentro Regional de Ayuda Técnica,
_c1972.
300 _a348 paginas ;
_c23 cm.
505 _aContenido :Introducción --El desarrollo del organismo --Mediación y lenguaje --La predicción y las variables de conducta seleccionada --Aspectos cognitivos ...
650 _aPsicología
_91538
650 _aEducación
_9460
650 _aPsicopedagogia
_9590
700 _aOscar Muslera (traductor)
_935935
700 _aEstela Orma (traductor)
_935936
942 _2ddc
_cLIBROS
945 _arjall
_d2019-05-03